Catalog

Record Details

Catalog Search



Puppy birthday to you! / illustrated by Fabrizio ... Read More

Petrossi, Fabrizio,(illustrator.).

Available copies

  • 1 of 1 copy available at LARL/NWRL Consortium.

Current holds

0 current holds with 1 total copy.

Show Only Available Copies
Location Call Number / Copy Notes Barcode Shelving Location Status Due Date
Roseau Public Library e PUP (Text) 35500006922114 Main Available -

Record details

  • ISBN: 9780553522778
  • ISBN: 0553522779
  • Physical Description: 1 volume (unpaged) : color illustrations ; 21 cm
  • Publisher: New York : Golden Books, [2015]

Content descriptions

General Note:
"Based on the screenplay "Pups turn on the lights" by Scott Albert."
At head of title: Nickelodeon PAW patrol.
Summary, etc.:
The puppies of PAW Patrol attempt to plan a ... Read More
Subject: Puppies > Juvenile fiction.
Boys > Juvenile fiction.
Electric power failures > Juvenile fiction.
Birthday parties > Juvenile fiction.
Dogs > Fiction.
JUVENILE FICTION > Animals > Dogs.
JUVENILE FICTION > Holidays & Celebrations > Birthdays.
JUVENILE FICTION > Media Tie-In.
JUVENILE FICTION > Social Themes > Friendship.
Birthday parties
Boys
Electric power failures
Puppies
Genre: Juvenile works
Children's stories.
Fiction.
Novels.
LDR 03349cam a22007817i 4500
001480797
003LARL_NWRL_CONSORTIUM
00520260217144136.0
008150916s2015 nyua j 000 1 eng d
010 . ‡a 2015373142
040 . ‡aYDXCP ‡beng ‡erda ‡cDLC ‡dYDXCP ‡dOCLCO ‡dOCLCF ‡dOCLCO ‡dOCLCQ ‡dCCE ‡dNCRJL ‡dOCLCQ ‡dTXSVP ‡dOCLCO ‡dUTP ‡dBYV ‡dOCLCQ ‡dOCLCO ‡dOCL ‡dOCLCO ‡dOCL ‡dOCLCA ‡dOCLCO ‡dOCLCL ‡dOCLCO ‡dOCLCL ‡dOCLCO
019 . ‡a1293995456
020 . ‡a9780553522778 ‡q(hbk.)
020 . ‡a0553522779 ‡q(hbk.)
035 . ‡a(OCoLC)926313616 ‡z(OCoLC)1293995456
042 . ‡alccopycat
08204. ‡a[E] ‡223
084 . ‡aJUV002070 ‡aJUV017100 ‡aJUV027000 ‡aJUV039060 ‡2bisacsh
24500. ‡aPuppy birthday to you! / ‡cillustrated by Fabrizio Petrossi.
2461 . ‡iAt head of title: ‡aNickelodeon PAW Patrol
264 1. ‡aNew York : ‡bGolden Books, ‡c[2015]
300 . ‡a1 volume (unpaged) : ‡bcolor illustrations ; ‡c21 cm
336 . ‡atext ‡btxt ‡2rdacontent
336 . ‡astill image ‡bsti ‡2rdacontent
337 . ‡aunmediated ‡bn ‡2rdamedia
338 . ‡avolume ‡bnc ‡2rdacarrier
4900 . ‡aLittle golden book
4900 . ‡aPAW patrol
500 . ‡a"Based on the screenplay "Pups turn on the lights" by Scott Albert."
500 . ‡aAt head of title: Nickelodeon PAW patrol.
520 . ‡aThe puppies of PAW Patrol attempt to plan a surprise birthday party for Chase while dealing with the aftermath of a storm that has left much of Adventure Bay in a blackout.
650 0. ‡aPuppies ‡vJuvenile fiction. ‡0(LARL_NWRL_CONSORTIUM)174509
650 0. ‡aBoys ‡vJuvenile fiction.
650 0. ‡aElectric power failures ‡vJuvenile fiction.
650 0. ‡aBirthday parties ‡vJuvenile fiction.
650 1. ‡aDogs ‡vFiction. ‡0(LARL_NWRL_CONSORTIUM)164539
650 7. ‡aJUVENILE FICTION ‡xAnimals ‡xDogs. ‡2bisacsh
650 7. ‡aJUVENILE FICTION ‡xHolidays & Celebrations ‡xBirthdays. ‡2bisacsh
650 7. ‡aJUVENILE FICTION ‡xMedia Tie-In. ‡2bisacsh
650 7. ‡aJUVENILE FICTION ‡xSocial Themes ‡xFriendship. ‡2bisacsh
650 7. ‡aBirthday parties ‡2fast ‡0(LARL_NWRL_CONSORTIUM)42278
650 7. ‡aBoys ‡2fast ‡0(LARL_NWRL_CONSORTIUM)15335
650 7. ‡aElectric power failures ‡2fast ‡0(LARL_NWRL_CONSORTIUM)19129
650 7. ‡aPuppies ‡2fast ‡0(LARL_NWRL_CONSORTIUM)29155
655 7. ‡aJuvenile works ‡2fast
655 7. ‡aChildren's stories. ‡2lcft
655 7. ‡aFiction. ‡2lcgft
655 7. ‡aNovels. ‡2lcgft
7001 . ‡aPetrossi, Fabrizio, ‡eillustrator.
901 . ‡a480797 ‡bAUTOGEN ‡c480797 ‡tbiblio

Additional Resources